000 00521 a2200205 4500
005 20260406114441.0
008 260403b |||||||| |||| 00| 0 eng d
020 _a978007008323
_cRs. 1060.00
040 _aMAIN
082 _a519.5
_bB454B(3)
100 _aBeri, G C
245 _aBusiness statistics
250 _a3rd
260 _bMcGraw Hill Education (India)
_c2021
_aChennai
300 _axviii, 802
650 _aStatistics
650 _aProbabilities
650 _aStatistical Mathematics
942 _cBK
999 _c396986
_d396986